Taylor Swift - Compléter le bridge de All Too Well - Statistiques

Statistiques générales
  • Ce quiz a été pris 414 fois
  • Le résultat moyen est 5 sur 6
Statistiques - réponses
Question Réponse % Correct
*** scared, I was there Runnin'
99%
But maybe this *** was a masterpiece 'til you tore it all up thing
99%
Well, maybe we got ***, maybe I asked for too much lost in translation
90%
I remember it all too well. And you call me up again just to break me like a *** promise
86%
So casually cruel in the name of bein' honest. I'm a *** piece of paper lyin' here crumpled-up
76%
'Cause I remember it *** all, all, all
71%
Aucun quiz correspondant
Distribution des résultats
% des personnes avec chaque résultat
Percentile par nombre de réponses
Votre historique - résultats
Vous n’avez pas pris ce quiz